000
00314nam a2200121Ia 4500
005
20251222143211.0
008
251222s9999||||xx |||||||||||||| ||spa||
082
_a
657.3/V39
100
_a
Vega Cerna, Edwin
245
0
_a
Guía Práctica sobre Manejo de las Finanzas y los Riesgos:
264
_b
UCSS
942
_c
LIB
999
_c
13450
_d
13450